[Event "Czerniak Memorial 15th"]
[Site "Tel Aviv"]
[Date "1999.03.28"]
[Round "1"]
[White "Zifroni, Dov"]
[Black "Alterman, Boris"]
[Result "1/2-1/2"]
[WhiteElo "2500"]
[BlackElo "2615"]
[Annotator "Alterman,B"]
[PlyCount "38"]
[EventDate "1999.03.??"]
[EventType "tourn"]
[EventRounds "9"]
[EventCountry "ISR"]
[EventCategory "10"]
[SourceTitle "CBM 071"]
[Source "ChessBase"]
[SourceDate "1999.08.01"]
[SourceVersion "1"]
[SourceVersionDate "1999.08.01"]
[SourceQuality "1"]

1. e4 e5 2. Nf3 Nf6 3. d4 Nxe4 4. Bd3 d5 5. Nxe5 Nd7 6. Nxd7 Bxd7 7. O-O Bd6 8.
c4 c6 9. cxd5 cxd5 10. Qh5 (10. Nc3 Nxc3 11. bxc3 O-O $1 $146 12. Qh5 g6 $1 13.
Qxd5 Qc7 14. Bh6 Rfe8 15. h4 Be6 16. Qf3 Qxc3 17. Qf6 Bf8 18. Bxf8 Rxf8 19.
Rfd1 Qa5 20. Be4 Qd8 21. Qxd8 Raxd8 $11 {Tiviakov,S-Yusupov,A/Groningen/1994/
CBM 45}) 10... O-O 11. Qxd5 Bc6 12. Qh5 g6 13. Qh3 {[#]} Ng5 $1 (13... Rc8 14.
Bh6 (14. Bxe4 $5 Bxe4 15. Nc3 Re8 16. Be3 Bf5 17. Qf3 Bb8 18. Rfe1 b5 $8 19. g4
$5 Rxc3 $2 (19... b4 $8 20. Nd5 Re4 $1 {Anand,V} 21. gxf5 Qxd5 22. Rec1 $14)
20. bxc3 Be4 21. Qh3 h5 22. gxh5 Re6 23. f3 $18 {1-0 Timman,J-Yusupov,A/
Linares 1993/Inf 57/[Timman,J] (36)}) 14... Re8 15. Nd2 Bd7 16. Qf3 Qh4 17. g3
Nxd2 18. Bxd2 Qxd4 19. Bc3 Qg4 20. Qxg4 {1/2-1/2 Ivanchuk,V-Jussupow,A/Linares
1993/CBM 34}) (13... Bb4 {[#]} 14. Be3 (14. Nc3 Bxc3 15. Bxe4 {1/2-1/2 Smirin,
I-Jussupow,A/WM-Qualifikation Dresden 1998}) 14... Re8 {[#]} 15. a3 (15. Rd1) (
15. Rc1 Rc8 16. Nc3 Bd7 17. Qf3 Nxc3 18. bxc3 Bxc3 19. Rab1 Bc6) (15. Qg4)
15... Ba5 16. Rc1 (16. Rd1 Rc8 17. b4 Bb6 18. Nd2 Nc3 19. Re1 Bxd4) (16. Qg4) (
16. Bxe4 Rxe4 17. Nc3 Bxc3 18. bxc3 Qd5 19. Rac1 Bb5) 16... Rc8 (16... h5 17.
Nc3 Bd7 18. Qf3 Bg4 19. Qf4 Bxc3 20. Bxe4 Bxb2 21. Rc7 Be6 22. Rb1 Bxa3 23.
Bxg6 fxg6 24. Rbxb7 Re7 25. Rxe7 Bxe7 26. Qe4 Bf5 27. Qxe7 Qxe7 28. Rxe7 a5 29.
Bc1 Rd8 30. Be3 {1/2-1/2 Svidler,P-Anand,V/It, Dortmund GER (03) 1998}) 17. Qh6
(17. Bxe4 Rxe4 18. Nc3 Rh4 19. Qg3 Bc7 20. f4) 17... Bb6 18. Nc3 Nxf2 19. Bxf2
Bxd4 20. Rd1 (20. Qh3 Bxf2+ 21. Kxf2 Qd4+ 22. Kf1 Bd7 23. Qf3 Re3) 20... Bxf2+
21. Kxf2 Qb6+ 22. Kf1 Qxb2 23. Qd2 (23. Ne2 Bxg2+ 24. Kxg2 Rxe2+ 25. Bxe2 Qxe2+
$11) 23... Qxc3 {1/2-1/2 Svidler,P-Jussupow,A/GM Turnier Bad Homburg 1998}) 14.
Bxg5 Qxg5 15. Nc3 Rae8 $1 (15... Rfe8 16. d5 Bxd5 17. f4 Qd8 18. Nxd5 Bc5+ 19.
Kh1 Qxd5 20. Rac1 Be3 21. Bc4 Qf5 22. Qxf5 gxf5 23. Rcd1 Rad8 24. g3 $14 {
Shirov,A-Kramnik,V/WCC Cand final, Cazorla ESP 1998/1-0 (63)}) 16. a4 $146 (16.
Rad1 Re7 17. d5 Bd7 18. Ne4 Rxe4 19. Qxd7 Rd8 20. Qxd8+ Qxd8 21. Bxe4 Qf6 22.
g3 Qxb2 23. Rb1 Qd4 24. Bf3 b6 25. Rbc1 Bc5 {1/2-1/2 Luther,T-Alterman,B/It,
Recklinghausen GER 1998}) 16... a6 $1 (16... Re7 17. Bb5 $1) 17. d5 $8 (17.
Rad1 Re7 $44 {[%cal Gf8e8]}) 17... Bxd5 18. Nxd5 Qxd5 19. Rad1 Qc6 (19... Qc6
20. b3 (20. Qg4) 20... Re5 {[%cal Re5h5,Yb7b5]} 21. Qg4 $11) 1/2-1/2

[Event "SLO-chT 12th"]
[Site "Bled"]
[Date "2002.11.20"]
[Round "4"]
[White "Palac, Mladen"]
[Black "Atalik, Suat"]
[Result "1-0"]
[WhiteElo "2568"]
[BlackElo "2575"]
[Annotator "Atalik,S"]
[PlyCount "55"]
[EventDate "2002.11.18"]
[EventType "team-tourn"]
[EventRounds "9"]
[EventCountry "SLO"]
[SourceTitle "CBM 092"]
[Source "ChessBase"]
[SourceDate "2003.02.06"]
[SourceVersion "1"]
[SourceVersionDate "2003.02.06"]
[SourceQuality "1"]
[WhiteTeam "Maribor Branik"]
[BlackTeam "Ptuj"]
[WhiteTeamCountry "SLO"]
[BlackTeamCountry "SLO"]

1. e4 e5 2. Nf3 Nf6 3. d4 $5 {I have received this answer more than} (3. Nxe5 {
on my Petroff.} d6 4. Nf3 Nxe4 5. d4 d5 6. Bd3) 3... Nxe4 4. Bd3 d5 5. Nxe5 Nd7
{The modern approach. In many people's view it has lost its sting but things
are not crystal clear.} 6. Nxd7 Bxd7 7. O-O Bd6 8. Nc3 $5 {Geller's move is
very logical. White developpes fast and tries to create organic weaknesses in
black's camp despite of slightly ruining his own pawn structure.} Nxc3 {
Here I have consummed a lot of time trying to come up with something new.} (
8... Bc6 $2 9. Bxe4 dxe4 10. d5 Bd7 11. Nxe4 $18 {simply loses a pawn.}) 9.
bxc3 O-O 10. Qh5 f5 11. Re1 {The critical position for the line.} Qf6 {I still
believe that this move is playable but theoreticians have other inclinations.}
(11... c6 12. Bg5 Qc7 13. Be7 Rf7 (13... Rfe8 14. Bxd6 (14. Bxf5 Bxf5 15. Bxd6
Qd7 16. Be5 Bxc2 17. Re3 Re7 $11) 14... Qxd6 $11) 14. Bxd6 Qxd6 15. c4 Qf4 (
15... b6 $6 16. cxd5 cxd5 17. Re5 $16) 16. Rab1 b6 17. c3 Re8 (17... Qd2 $2 {
An absolutely wrong dive by blacks queen.} 18. Qf3 Rc8 19. Bf1 Qxa2 20. Ra1 Qb3
21. Qd3 $18) 18. Rxe8+ Bxe8 19. Qe2 Bd7 $14) 12. Qf3 $1 {That is the idea .
White has time to throw Bf4 in.} c6 13. Bf4 Ba3 $5 $146 {Of course noone tried
the idea!} (13... Bxf4 14. Qxf4 Rae8 15. c4 $14 (15. Qc7 Bc8)) 14. Rab1 {
A very direct move though I was happy to get rid of a possible c4 for white.} (
{I was more afraid of} 14. Bf1 {during the game.} Rfe8 (14... Rae8 15. c4 (15.
Be5 Qf7 16. c4 $14) 15... Qxd4 {is similar with 14...Rfe8.} (15... Bb2 $6 16.
Rxe8 (16. Be5 $2 Bxa1) 16... Rxe8 17. Be5 Rxe5 18. dxe5 Qxe5 19. Rb1 $16 {
it is obvious that white does not have enough for the exchange.})) 15. Be5 (15.
c4 Qxd4 $1 (15... Bb2 $6 16. Rxe8+ Rxe8 17. Be5 Rxe5 18. dxe5 Bxe5 19. Rb1 $16)
16. Rad1 Qc5 17. Re3 Bb2 18. Rb3 Bf6 19. Rxb7 Be6 $11) 15... Qf7 16. c4 (16.
Rab1 b6 17. Ba6 Bf8 18. Bb7 Rad8) 16... Bf8 17. Rab1 b6 $14) 14... b5 15. Be5 {
here GM Palac executed the most obvious plan.} (15. c4 $6 bxc4 16. Bxc4 (16.
Be5 Qe7) 16... Qxd4 $17) 15... Qf7 16. Qf4 $14 {It is obvious that white has
some edgedue to Be5 and space advantage which provides him with the
possibility to lift his rooks up to the 3rd rank but black has means of
counterplay.} (16. c4 dxc4 17. Bxc4 Qxc4 18. Qxa3 Be6 $11) 16... Rfe8 $5 (16...
Be7 17. Re3 g5 $5 18. Qg3 Rae8 19. Rbe1 Qh5 20. h3 g4 $13 {was the way to
execute the plan I have tried in the game.}) (16... Qh5 $2 17. Rb3 $1) 17. Re3
Be7 18. Rbe1 g5 $2 {Comes the critical moment of the game. I have surprised
the audience with my 18...g5.} (18... h6 19. h4 (19. Rg3 Bg5) 19... Bf6 20.
Bxf6 Rxe3 21. Rxe3 Qxf6 22. Qc7 Qf7 $14 {Black is only optically worse.}) (
18... Rac8 $6 19. h4 $1 (19. Rg3 $6 Bd6 $1 {brings white nothing.} (19... Bf6
$2 20. Bxf5 Bxf5 21. Qxf5 Bxe5 22. Qxf7+ Kxf7 23. dxe5)) 19... c5 20. h5 $1
cxd4 (20... c4 21. Be2 Rc6 22. Bf3 Ra6 (22... Rh6 $2 23. Bxg7 $3 Qxg7 (23...
Kxg7 24. Bxd5) 24. Qc7 Rd6 25. Rxe7 Rxe7 26. Qd8+ Qf8 27. Qxe7 Qxe7 28. Rxe7
$18) 23. h6 g5 24. Qg3 Rxh6 25. Bb8 Be6 26. Qc7 $16) 21. Bxd4 Bf8 22. h6 g6 23.
Bxa7 $16) 19. Qg3 $1 {The most direct approach!} (19. Qf3 g4 20. Qf4 Qg6 21.
Bb8 Raxb8 22. Rxe7 Rbd8 23. Qc7 $16) 19... Qh5 {With the idea of 20...g4 and
21...Bh4.} (19... Qg6 20. Bb8 $1 {Still!} Raxb8 21. Rxe7 Rxe7 22. Rxe7 Rb7 23.
Qe5 $18) (19... h5 {Probably the most tenacious.} 20. h4 g4 21. f3 f4 22. Bxf4
Bxh4 23. Qxh4 Qxf4 24. Re7 Rxe7 25. Rxe7 Be8 26. fxg4 $18) 20. Bb8 $3 {I have
absolutely missed this demolitionnary idea!} Raxb8 {What else?} 21. Qc7 $18 {
The point!} ({Anyone could calculate that} 21. Rxe7 $4 f4 22. Bxh7+ (22. Rxe8+
Rxe8 23. Rxe8+ Bxe8 24. Qf3 Qxf3 25. gxf3 Bd7 {Preventing Bf5 is lost for white
} 26. Kf1 Kg7 27. Ke2 h6 28. Kd2 Kf6 $19 {I will exchange the bishops and will
execute a plan a ala Rubinstein either on h2 or on a2.}) 22... Kf8 23. Rxe8+
Rxe8 24. Rxe8+ Qxe8 25. Qd3 Qe1+ 26. Qf1 Qxc3 $17) 21... Rbd8 {Only move to
prolongue the game.} (21... Bf8 22. Qxd7 Qf7 23. Qxc6 Rec8 24. Qa6 Rxc3 25. Re5
$18) (21... Bf6 22. Qxd7 Rxe3 23. Rxe3 f4 24. Re6 $18) 22. Rxe7 Qg6 (22... Kf8
23. Qe5) 23. R1e5 (23. g4 Bc8) 23... Bc8 24. g4 $1 {Things are rolling force
from now on!} Rf8 25. Rxf5 $1 {Curtains!} Bxf5 26. Bxf5 Qh6 27. Rxh7 {and
white checkmates his opponent no matter what happens.} Rc8 (27... Qf6 28. Be6+)
28. Be6+ {0 out of 4 in tournament chart.} (28. Qxc8 Rxc8 29. Rxh6 $18) 1-0

[Event "TUR-chT"]
[Site "Kocaeli"]
[Date "2008.06.30"]
[Round "12"]
[White "Guseinov, Gadir"]
[Black "Atalik, Suat"]
[Result "1/2-1/2"]
[WhiteElo "2625"]
[BlackElo "2592"]
[Annotator "Atalik,S"]
[PlyCount "29"]
[EventDate "2008.06.24"]
[EventType "team"]
[EventRounds "15"]
[EventCountry "TUR"]
[SourceTitle "CBM 125"]
[Source "ChessBase"]
[SourceDate "2008.07.30"]
[SourceVersion "1"]
[SourceVersionDate "2008.07.30"]
[SourceQuality "1"]

1. e4 e5 2. Nf3 Nf6 {I had only checked Kramnik's games in the Petrov Defence
which is not a great idea these days.} 3. d4 Nxe4 4. Bd3 d5 5. Nxe5 Nd7 6. Nxd7
Bxd7 7. O-O Bd6 8. Nc3 (8. c4 c6 9. Nc3 O-O 10. cxd5 Nxc3 11. bxc3 cxd5 12. Qh5
g6 13. Qxd5 Qc7 $11 {is worked out to a draw these days.}) 8... Qh4 $5 {
This was known since Kamsky-Karpov} (8... Nxc3 9. bxc3 O-O 10. Qh5 f5 11. Re1 (
11. Qf3 c6 12. Bf4 Qc7 $14) 11... Qf6 12. Qf3 Qf7 13. Bf4 Rae8 $14) 9. g3 Nxc3
10. bxc3 Qh3 ({There is nothing wrong with Tolya's approach from the above
mentioned game.} 10... Qg4 11. Re1+ Kd8 12. Be2 Qf5 13. c4 dxc4 14. Bxc4 Re8
15. Be3 Bc6 16. d5 Bd7 $14) 11. Re1+ Be6 12. Bf1 Qf5 13. Bd3 (13. Rb1 O-O-O 14.
Qe2 $1 {looks like the most dangerous.} b6 (14... c6 $2 15. Rxb7 $3 {This is
what Kramnik blundered and Mamedyarov did not see!} Kxb7 16. Qa6+ Kb8 17. Bg5
$1 (17. Bd3 Bc8) 17... Qxc2 18. Qxc6 (18. Bxd8 $2 Rxd8 19. Bd3 (19. Qxc6 Bc7
20. Ba6 Qb2) 19... Bc8 20. Qxc8+ Kxc8 21. Bxc2 Kc7 $11) 18... Bc7 19. Qb5+ Bb6
20. a4 (20. Bf4+ Kb7) 20... Qxc3 21. Rc1 Bd7 22. Qxd5 Bc6 23. Qxd8+ Bxd8 24.
Bf4+ Bc7 25. Rxc3 Bxf4 26. Rxc6 $16) 15. a4 Kb8 (15... a5 $2 16. Qa6+ Kd7 17.
Bd3 Qh5 18. Qb5+ Ke7 19. c4 $18) 16. a5 Bc8 (16... g5 $6 17. axb6 cxb6 18. Qa6
Bc8 19. Qa4 h5 20. Ra1 Rd7 21. Ba3 $16) (16... h5 $6 17. h4 Rhe8 18. axb6 cxb6
19. Qa6 Bc8 20. Rxb6+ Ka8 21. Rxe8 Rxe8 22. Rb8+ Bxb8 23. Qc6+ Bb7 24. Qxe8 $16
) 17. axb6 cxb6 $13) (13. c4 dxc4 14. Bxc4 O-O $14) 13... Qh3 {Or Black can
avoid the repetition.} (13... Qf6 $2 14. Qh5 Be7 15. Bf4 $16) 14. Bf1 Qf5 15.
Bd3 1/2-1/2

[Event "Olympiad-35"]
[Site "Bled"]
[Date "2002.10.29"]
[Round "4.2"]
[White "Sadvakasov, Darmen"]
[Black "Atalik, Suat"]
[Result "1/2-1/2"]
[WhiteElo "2538"]
[BlackElo "2575"]
[Annotator "Atalik,S"]
[PlyCount "146"]
[EventDate "2002.10.26"]
[EventType "team-swiss"]
[EventRounds "14"]
[EventCountry "SLO"]
[SourceTitle "CBM 092"]
[Source "ChessBase"]
[SourceDate "2003.02.06"]
[SourceVersion "1"]
[SourceVersionDate "2003.02.06"]
[SourceQuality "1"]
[WhiteTeam "Kazakhstan"]
[BlackTeam "Bosnia&Herzegovina"]
[WhiteTeamCountry "KAZ"]
[BlackTeamCountry "BIH"]

1. e4 e5 2. Nf3 Nf6 3. d4 Nxe4 4. Bd3 d5 5. Nxe5 Nd7 6. Qe2 $5 {A greedy line
but always contains some venom since an extra pawn counts.} Nxe5 7. Bxe4 dxe4
8. Qxe4 Be6 9. Qxe5 {Universally accepted as the best.} (9. dxe5 $6 Bd5 10. Qg4
h5 11. Qh3 Qe7 12. f4 Be6 $1 $44) 9... Qd7 10. O-O Bd6 $5 {Bold!} (10... O-O-O
11. Be3 (11. c3 Bd6 12. Qa5 Bd5 $1 13. Qxa7 $140 Qc6 14. f3 Kd7 $1 $17) 11...
Bb4 $1 {GM Bent Larsen's idea.} 12. c3 f6 13. Qg3 Be7 14. Nd2 h5 $44) 11. Qe2 (
11. Qxg7 $6 {After this Dusko treated the greedy computer in the way it is
supposed to be.} O-O-O 12. Qh6 (12. Qf6 Rhg8) 12... Rdg8 13. g3 (13. f3 Rg6 14.
Qh4 Rhg8 15. g3 Bf5 $40) 13... Rg6 14. Qh5 Bg4 15. Qd5 h5 16. Nc3 Kb8 17. Ne4
Bf3 18. Nc5 Qg4 19. Qxf7 h4 20. Nd7+ Ka8 21. Re1 Rgg8 $1 $19 {Computer
Zugzwang-Pavasovic,Lippstadt 1998.}) 11... O-O $5 {The avant-garde way of
castling kingside in this opening.} 12. Be3 f5 {This has pros and cons!} (12...
Qc6 13. Rc1 b5 $44) (12... Rae8 13. c4 Bf5 $44 (13... Bg4 $6 14. Qd2 f5 15. f3
f4 16. Bf2 Bf5 17. Nc3)) 13. f4 (13. f3 Rae8 $44) 13... Qc6 $5 {During the
game as usual it looked like a great move however later I have started to have
doubts.} (13... Qf7 14. Nd2) (13... Rae8 $5 14. Nd2 (14. Nc3 Bb4 $11) 14... b5
15. Rfe1 Bd5 $44) 14. Qd2 Rae8 (14... Bd5 15. a3 Rae8 16. Nc3 Re7 17. Nxd5 Qxd5
18. Rae1 Rfe8 19. Qd3 Re4 $11) (14... Rad8 15. a3 Be7 16. Nc3 Bf6 $44) 15. Nc3
$5 {Heading for opposite colored bishops ending!} (15. a3 Bf7 16. Nc3 Qb6 $5
17. b4 Re7 18. Bf2 Rfe8 $44 19. Bh4 $140 (19. d5 Qa6 20. b5 Qa5) 19... Re6)
15... Bb4 16. d5 Bxc3 17. dxc6 Bxd2 18. Bxd2 b6 $2 {Another flash of stupidity.
} ({What was wrong with} 18... bxc6 19. Bc3 Bd5 20. Be5 Be4 $1 21. Rf2 (21. c4
Rd8 22. Rfd1 Bc2) 21... Rd8 22. Bxc7 Rd7 23. Be5 Rfd8 $11) 19. Rfe1 $1 $16 {
Now it is already almost a done game.} Bd5 $2 {I have started to drift away.} (
19... Rf6 {Predrag's idea is as usual interesting and creates some problems
for white.} 20. Bc3 Rg6 21. b4 $1 a6 22. a4 Kf7 23. b5 $1 (23. Rad1 $6 b5 24.
axb5 axb5 25. Rd2 Bc8 26. Rxe8 Kxe8) 23... Bc4 24. Rxe8 Kxe8 25. Re1+ $16) 20.
Bb4 Rxe1+ 21. Rxe1 Rf6 22. Re8+ Kf7 23. Re7+ Kg6 24. Rxc7 (24. c4 {wins at
least couple of tempi and maybe another pawn as well.} Bxc4 (24... Be4 $2 25.
Rxc7 Rxc6 26. Rxa7 Rxc4 27. Bc3 $18) 25. Rxc7 Rf7 $1 (25... Bd5 $2 26. Bc3 Rxc6
27. Rxg7+ Kh6 28. Rxa7 $18) 26. Rd7 Bb5 27. Rxf7 Kxf7 28. c7 Ba6 29. Bc3 Bb7
30. Kf2 g6 $11) 24... Rxc6 25. Rd7 Bxa2 26. Rxa7 $1 {White has sidestepped all
the tricks.} (26. Bc3 h6 27. Rxg7+ Kh5 28. h3 Rg6) 26... Bb1 27. c3 $2 {
Some days later Darmen showed how to take the full adavantage of the situation.
} (27. Bc3 Bxc2 28. Rxg7+ Kh6 29. Rg3 Rc7 30. Rg5 $16) 27... Rf6 28. Rd7 Rf7
29. Rd6+ Rf6 30. Rd4 Ba2 $1 $14 {Now things are not crystal clear anymore.} 31.
Bd6 b5 32. Be5 Rf7 33. Rd3 $6 {Not the best!} ({Creating a c passer looks
dangerous but...} 33. Rb4 Bc4 34. b3 Bd3 35. c4 bxc4 36. bxc4 Rd7 37. c5 Be4
38. Rb6+ Kf7 39. c6 Rd2 40. c7 Rxg2+ 41. Kf1 Rc2 42. Rb2 Rc1+ 43. Ke2 Bd5 $1
$11) 33... h6 34. Rd6+ Kh5 35. Kf2 Rb7 36. Ke3 Bc4 37. Kd4 Bf1 38. g3 g6 $1 {
Stiff resistance.} 39. Ke3 (39. Kc5 Ra7) 39... b4 40. Kf2 bxc3 41. Bxc3 Bb5 $11
42. h3 Rd7 $1 43. Re6 ({The pure opposite colored bishops ending is a draw.} 
43. Rxd7 Bxd7 44. Ke3 g5 45. Be5 gxf4+ 46. Bxf4 Kg6 47. Kd4 h5 48. b4 Kf7 49.
Kc5 Ke8 50. b5 Kd8 51. b6 Kc8 52. Kd6 Bb5 53. Ke6 Bf1 54. h4 Be2 $11) 43... Rd5
44. Re1 (44. Re5 Bc4) 44... Bc4 45. Re7 g5 46. fxg5 hxg5 47. Rh7+ Kg6 48. Rc7
Bb5 49. h4 f4 $1 {The simplest,black is heading for exchanges.} (49... gxh4 50.
gxh4 Kh5 51. Kg3) 50. Rg7+ Kh5 51. gxf4 gxh4 $5 {Anything draws.} (51... gxf4
52. Bf6 Bc6) 52. Bf6 h3 53. Kg3 Bd7 54. Rg5+ {There is no other way to proceed.
} Rxg5+ 55. Bxg5 Kg6 56. b4 Kh5 {Going to the queenside is also a draw.} (56...
Kf7 57. Bd8 Be6 58. b5 Ke8 59. Bf6 Kd7 60. Bd4 Kc7 61. Bg1 Kb7 $11) 57. Bf6 Kg6
58. Be5 Kh5 59. Bd4 Kg6 60. Bg1 Kf5 61. Kf3 $1 {After this black has to be
careful.} Bc6+ 62. Ke3 Be8 {Waiting tactics.} (62... Ke6 63. Kd4 Bf3 64. b5 Kd7
65. Kc5 Kc7 66. b6+ Kb7 67. f5 Be4 68. f6 Bg6 $11) 63. Bh2 Bd7 64. Kd4 Bc6 65.
Kc5 Be4 66. b5 (66. Kd6 Bd3) 66... Ke6 $1 {Now it is the time to go queenside.}
67. Kb6 Kd7 68. Ka7 Kc8 69. b6 Bd5 70. Ka6 (70. f5 {After this white attacks
the advanced pawn and draws.} Kd7 71. b7 Bxb7 72. Kxb7 Ke7 73. Be5 h2 74. Bxh2
Kf6 $11) 70... Be4 71. Bg1 Bb7+ 72. Kb5 Be4 73. Kc5 Kb7 $11 1/2-1/2

[Event "Corus-C"]
[Site "Wijk aan Zee"]
[Date "2006.01.27"]
[Round "11"]
[White "Van der Weide, Karel"]
[Black "Atalik, Suat"]
[Result "1/2-1/2"]
[WhiteElo "2466"]
[BlackElo "2618"]
[Annotator "Atalik,S"]
[PlyCount "53"]
[EventDate "2006.01.14"]
[EventType "tourn"]
[EventRounds "13"]
[EventCountry "NED"]
[EventCategory "9"]
[SourceTitle "CBM 111"]
[Source "ChessBase"]
[SourceDate "2006.04.04"]
[SourceVersion "1"]
[SourceVersionDate "2006.04.04"]
[SourceQuality "1"]

1. e4 e5 2. Nf3 Nf6 {Karel did not impress much against Katia some rounds
before in Petroff with white.} 3. d4 Nxe4 4. Bd3 d5 5. Nxe5 Nd7 6. Nxd7 Bxd7 7.
O-O Bd6 8. c4 c6 9. cxd5 (9. Nc3 O-O) 9... cxd5 10. Nc3 Nxc3 11. bxc3 O-O 12.
Qh5 g6 13. Qxd5 Qc7 14. Bh6 (14. c4 $6 Bc6 15. Qg5 Bxh2+ 16. Kh1 Bd6 17. d5
Rae8 $1) 14... Rfe8 $5 {I have chosen the most topical continuation.} (14...
Rfd8 15. h4 $2 (15. Rfe1 Bf5 16. Qc4 Bxh2+ 17. Kh1 Bxd3 18. Qxd3 Bf4 $11) (15.
Rae1 Bf5 16. Qf3 Bxd3 17. Qxd3 Bxh2+ 18. Kh1 Bf4 19. Bxf4 Qxf4 $11) 15... Be6
16. Qf3 Qxc3 $1 17. Qf6 Qxd4 18. Qxd4 Bh2+ 19. Kxh2 Rxd4 $17) 15. h4 (15. c4 $6
Bxh2+ 16. Kh1 Be5 $1) 15... Be6 16. Qf3 Qxc3 17. Qf6 Bf8 18. Bxf8 Rxf8 19. Rfd1
(19. Be4 Rad8) 19... Rad8 $1 $146 {The fruit of computer work.White's attack
looks tremendous after this however it peters out to be a draw.} (19... Rfd8
20. Be4 Bd5 21. Rac1 (21. h5 Qc6) 21... Qa5 (21... Qa3 22. Rc7 Qxa2 23. h5 Qa6
(23... Qe2 24. f3 Qa6 (24... Qxd1+ 25. Kh2) 25. Qxa6 bxa6 $14) 24. Qxa6 bxa6
25. Bxd5 Rxd5 26. h6 $14) 22. Rc5 (22. h5 Qb6) 22... Qxa2 $11) (19... Qa5 20.
Be4 Bd5 21. h5 Qd8 22. Qe5 Bxe4 23. h6 f6 24. Qxe4 Qd7 $14) 20. Bxg6 $1 {
The real test of the variation.} hxg6 21. h5 gxh5 22. Qg5+ Kh7 23. Qxh5+ Kg8
24. Qg5+ (24. Rac1 $2 Rd5 25. Qxd5 Qxc1 $19) 24... Kh7 25. Rac1 Qb4 $1 26. Qh5+
(26. Rd3 $1 {looks like white's best.} Rxd4 27. a3 Qa4 28. Rg3 (28. Qh5+ Kg8
29. Rg3+ Rg4 30. Rh3 Rxg2+ 31. Kxg2 Bxh3+ 32. Qxh3 Qe4+ 33. Kh2 Qf4+ 34. Qg3+
Qxg3+ 35. Kxg3 $11) 28... Bg4 29. Rc5 Qd1+ 30. Kh2 Qd2 31. Qxd2 Rxd2 32. Rxg4
Kh6 33. Rc3 Rd5 $11) (26. Rc5 $2 f6 $17) (26. Qh4+ Kg8 (26... Kg7 27. Rd3 $2
Bf5) 27. Rd3 Rfe8 (27... Bf5 28. Rg3+ Bg6 29. Rxg6+ fxg6 30. Rc7) 28. Rg3+ Kf8
29. Qh6+ Ke7 30. Qg5+ $11 (30. Rc7+ Rd7)) 26... Kg8 $1 (26... Kg7 {is risky
and not to eveyone's taste.} 27. Qe5+ (27. Rd3 Rfe8 $1 $11) 27... Kh7 28. Rd3 (
28. d5 Qg4 $1 29. Rd4 Qg7 30. Rh4+ Kg8 31. Qxg7+ Kxg7 32. dxe6 fxe6 $11) 28...
Rd5 29. Qh2+ Kg6 30. Rg3+ Rg5 31. Rxg5+ Kxg5 32. Rc5+ f5 $1 33. Qg3+ Kh5 34.
Qe5 $40) 27. Qg5+ {Game drawn by perpetual.} (27. Rc5 $2 Rfe8 28. Rg5+ (28. Qh6
$2 Qxc5) 28... Kf8 29. d5 (29. Qh6+ Ke7 $19) 29... Bc8 30. Qh6+ Ke7 31. Rg7 Rh8
32. Qg5+ Ke8 33. d6 Rxd6 34. Rg8+ Rxg8 35. Qxg8+ Ke7 36. Rxd6 Qb1+ 37. Kh2 Kxd6
38. Qxc8 Qxa2 39. Qxb7 Qxf2 $17) 1/2-1/2